О возможном подтоплении северных районов Западно-Сибирской равнины; Проблемы Севера; Вып. 9

Podrobná bibliografie
Parent link:Проблемы Севера: сборник/ Академия наук СССР (АН СССР).— , 1958-1972
Вып. 9.— 1965.— С. 235-249
Hlavní autor: Орлов В. И.
Jazyk:ruština
Vydáno: 1965
Edice:Проблема комплексного освоения Обского Севера
Médium: MixedMaterials Kapitola
KOHA link:https://koha.lib.tpu.ru/cgi-bin/koha/opac-detail.pl?biblionumber=221988

MARC

LEADER 00000naa2a2200000 4500
001 221988
005 20231031195839.0
035 |a (RuTPU)RU\TPU\book\242170 
035 |a RU\TPU\book\242167 
090 |a 221988 
100 |a 20120917d1965 k y0rusy50 ca 
101 0 |a rus 
102 |a RU 
200 1 |a О возможном подтоплении северных районов Западно-Сибирской равнины  |f В. И. Орлов 
225 1 |a Проблема комплексного освоения Обского Севера 
320 |a Библиогр.: с. 249 (11 назв.) 
461 0 |0 (RuTPU)RU\TPU\book\119820  |t Проблемы Севера  |o сборник  |f Академия наук СССР (АН СССР)  |d 1958-1972 
463 0 |0 (RuTPU)RU\TPU\book\242086  |t Вып. 9  |v С. 235-249  |d 1965  |p 330 с. 
700 1 |a Орлов  |b В. И. 
801 1 |a RU  |b 63413507  |c 20120917 
801 2 |a RU  |b 63413507  |c 20120917  |g RCR 
942 |c BK